01052nam a2200229Ia 4500003000900000008004100009020001400050040001600064080002100080111011600101245029500217260004000512300002300552650002600575650001900601650002100620700003200641700003000673942000700703999001500710952009700725IN-BaIIA211028s9999 xx 000 0 eng d a0379-6566 cIIA Library a629.19(063)bESA aGiotto PEWG Meeting on the Giotto Spacecraft Impact-induced Plasma EnvironmentcAustriad1984 Apr. 10-12914534 4aThe Giotto Spacecraft impact-induced plasma environmentbproceedings of the Giotto PEWG meeting on the Giotto Spacecraft impact-induced plasma environment, held in Berne, Switzerland, 10-12 April 1984cedited by Bruce Battrick and Erica Rolfe  aFrancebEuropean Space Agencyc1984 a[various pagings.] aESA Spacecraft914535 aNASA thesaurus aSpacecraft94894 aBattrick Bruce., ed.914536 aRolfe, Erica., ed.914537 cBK c8657d8657 00104070aBANbBANcGENd1986-03-21l0o629.19(063)/ ESAp9530r2021-11-05w1986-03-21yBK